[Event "AUT-ch U12"]
[Site "Fuerstenfeld"]
[Date "2024.06.01"]
[Round "6"]
[White "Safonov, Lev"]
[Black "Atlas, Daniel"]
[Result "0-1"]
[WhiteElo "1483"]
[BlackElo "1629"]
[PlyCount "68"]
[EventDate "2024.05.30"]
[EventType "swiss"]
[EventRounds "7"]
[EventCountry "AUT"]
[SourceTitle "CBM 220 Extra"]
[Source "ChessBase"]
[SourceDate "2024.07.31"]
[SourceVersion "1"]
[SourceVersionDate "2024.07.31"]
[SourceQuality "1"]

1. e4 e5 2. Bc4 Nf6 3. d3 Bc5 4. Nf3 Nc6 5. 0-0 0-0 6. Re1 d6 7. c3 a6 8. d4 Ba7 9. h3 Re8 10. dxe5 Nxe5 11. Bb3 Be6 12. Nd4 Bxb3 13. Qxb3 Nd3 14. Rd1 Nxe4 15. Qxb7 Qf6 16. Rxd3 Nc5 17. Qf3 Nxd3 18. Qxd3 Bxd4 19. cxd4 Re1+ 20. Kh2 Rxc1 21. Qe3 Qh6 22. f4 Rf1 23. g3 Qe6 24. Qxe6 fxe6 25. a4 Rb8 26. b3 Rxb3 27. Nd2 Rf2+ 28. Kg1 Rxd2 29. Re1 Rxg3+ 30. Kf1 Kf7 31. h4 Rgg2 32. Ra1 Rc2 33. Ke1 Rg4 34. f5 Rg1# 0-1